Plantáže dřevin pro biomasu, vánoční stromky a zalesňování zemědělských půd /
Salvato in:
| Autori principali: | , , , , , , |
|---|---|
| Natura: | Libro |
| Lingua: | ceco |
| Pubblicazione: |
Praha :
Grada Publishing,
2012
|
| Edizione: | 1. vydanie |
| Soggetti: | |
| Tags: |
Nessun Tag, puoi essere il primo ad aggiungerne!!
|
MARC
| LEADER | 00000nam a22000003a 4500 | ||
|---|---|---|---|
| 001 | 0072024 | ||
| 003 | SK-STU | ||
| 005 | 20200120115028.4 | ||
| 007 | ta | ||
| 008 | 190228s ----xo-----e------000-0-----d | ||
| 020 | |a 978-80-247-3925-0 | ||
| 040 | |a STU |b slo | ||
| 041 | 0 | |a cze | |
| 044 | |a xr | ||
| 100 | 1 | |a Kravka, Miroslav |4 aut | |
| 245 | 1 | 0 | |a Plantáže dřevin pro biomasu, vánoční stromky a zalesňování zemědělských půd / |c aut. Miroslav Kravka, Radek Dymák, Michal Henek, Petr Hrůza, Martin Kouba, Ivo Kupka, David Sokol |
| 250 | |a 1. vydanie | ||
| 260 | |a Praha : |b Grada Publishing, |c 2012 | ||
| 300 | |a 104 s. | ||
| 650 | 0 | 7 | |a plantáže |
| 650 | 0 | 7 | |a porasty |
| 700 | 1 | |a Dymák, Radek |4 aut | |
| 700 | 1 | |a Henek, Michal |4 aut | |
| 700 | 1 | |a Hrůza, Petr |4 aut | |
| 700 | 1 | |a Kouba, Martin |4 aut | |
| 700 | 1 | |a Kupka, Ivo |4 aut | |
| 700 | 1 | |a Sokol, David |4 aut | |
| 996 | |b 284AU07971 |c A* 11231/U |l AAKNAR |s A |a 24 |w 0072024_0001 | ||